LEADER 01027naa a2200229 u 4500 001 000000094056 003 CaOOAMICUS 005 20070226130136.0 008 010725m19891992fr u000 u fre u 035 $a10898544 040 $aPUL(R)$bita 100 1 $aMayer, Pierre.$0(OLS)http://pul/name/29593 245 12$aL'autonomie de l'arbitre international dans l'appréciation de sa propre compétence /$cpar Pierre Mayer. 260 $a[S. l. :$bs. n.],$c1989-1992. 300 $aP. [319-454] 504 $aBibliografia in nota. 650 4$aDiritto internazionale privato.$0(OLS)http://pul/subject/2921 650 4$aDiritto commerciale internazionale.$0(OLS)http://pul/subject/25158 773 0 $tRecueil des cours$gv.V (1989) 773 0 $tRecueil des cours 1989 : collected courses of The Hague Academy of International Law$w()60529 996 $6245$aL'autonomie de l'arbitre international dans l'appréciation de sa propre compétence$9(OLS)http://pul/title/120912 996 $6260$a[S. l. :$bs. n.]$9(OLS)http://pul/publisher/47882 LEADER 01207nam a2200289 a 4500 001 000000136796 003 CaOOAMICUS 005 20131216104754.0 008 131216s2013 it u000 u ita r 020 $a978-88-348-8943-5 040 $aPUL$bita 082 04$a340.1 245 00$aCento e una voce di filosofia del diritto /$cFrancesco D'Agostino, Agata C. Amato Mangiameli. 260 $aTorino :$bGiappichelli,$c©2013. 300 $aXI, 393 p. ;$c22 cm 650 4$aFilosofia del diritto.$0(OLS)http://pul/subject/620 700 1 $aD'Agostino, Francesco,$d1946-$0(OLS)http://pul/name/10086 700 1 $aAmato Mangiameli, Agata C.$0(OLS)http://pul/name/10087 850 $aPUL 852 $aPUL$W1$xSL Diritto e Scienze Sociali 3$y79$m340. 1 DAGFR 3$j157655$qDDC 21$B157057$CPULBib$Z2$F157057 $H123303 $82 941 1 $a9 960 $aDiritto$xFilosofia$9620 996 $6020$a978-88-348-8943-5$9(OLS)http://pul/number/154189 996 $6082$a340.1$9(OLS)http://pul/classification/476 996 $6245$aCento e una voce di filosofia del diritto$9(OLS)http://pul/title/173202 996 $6260$aTorino :$bGiappichelli$9(OLS)http://pul/publisher/48244